Bouncing loop quantum cosmology in Gauss-Bonnet gravity; Physical Review D; Vol. 92, iss. 12

Podrobná bibliografie
Parent link:Physical Review D: particles, fields, gravitation, and cosmology.— , 1970-
Vol. 92, iss. 12.— 2015.— [124026, 6 p.]
Korporativní autor: Национальный исследовательский Томский политехнический университет Физико-технический институт Кафедра высшей математики и математической физики
Další autoři: Haro J. O., Makarenko A. N. Andrey Nikolaevich, Myagky A. N. Alexander Nikolayevich, Odintsov S. D. Sergey Dmitrievich, Oikonomou V. K.
Shrnutí:Title screen
We develop an effective Gauss-Bonnet extension of loop quantum cosmology, by introducing holonomy corrections in modified F(G) theories of gravity. Within the context of our formalism, we provide a perturbative expansion in the critical density, a parameter characteristic of loop quantum gravity theories, and we result in having leading order corrections to the classical F(G) theories of gravity. After extensively discussing the formalism, we present a reconstruction method that makes it possible to find the loop quantum cosmology corrected F(G) theory that can realize various cosmological scenarios. We exemplify our theoretical constructions by using bouncing cosmologies, and we investigate which loop quantum cosmology corrected Gauss-Bonnet modified gravities can successfully realize such cosmologies
Режим доступа: по договору с организацией-держателем ресурса
Jazyk:angličtina
Vydáno: 2015
Témata:
On-line přístup:http://dx.doi.org/10.1103/PhysRevD.92.124026
Médium: Elektronický zdroj Kapitola
KOHA link:https://koha.lib.tpu.ru/cgi-bin/koha/opac-detail.pl?biblionumber=647759

MARC

LEADER 00000naa0a2200000 4500
001 647759
005 20250214155629.0
035 |a (RuTPU)RU\TPU\network\12914 
090 |a 647759 
100 |a 20160421a2015 k y0engy50 ba 
101 0 |a eng 
102 |a US 
135 |a drcn ---uucaa 
181 0 |a i  
182 0 |a b 
200 1 |a Bouncing loop quantum cosmology in Gauss-Bonnet gravity  |f J. O. Haro [et al.] 
203 |a Text  |c electronic 
300 |a Title screen 
330 |a We develop an effective Gauss-Bonnet extension of loop quantum cosmology, by introducing holonomy corrections in modified F(G) theories of gravity. Within the context of our formalism, we provide a perturbative expansion in the critical density, a parameter characteristic of loop quantum gravity theories, and we result in having leading order corrections to the classical F(G) theories of gravity. After extensively discussing the formalism, we present a reconstruction method that makes it possible to find the loop quantum cosmology corrected F(G) theory that can realize various cosmological scenarios. We exemplify our theoretical constructions by using bouncing cosmologies, and we investigate which loop quantum cosmology corrected Gauss-Bonnet modified gravities can successfully realize such cosmologies 
333 |a Режим доступа: по договору с организацией-держателем ресурса 
461 |t Physical Review D  |o particles, fields, gravitation, and cosmology  |o Scientific Journal  |d 1970- 
463 |t Vol. 92, iss. 12  |v [124026, 6 p.]  |d 2015 
610 1 |a электронный ресурс 
610 1 |a труды учёных ТПУ 
701 1 |a Haro  |b J. O. 
701 1 |a Makarenko  |b A. N.  |g Andrey Nikolaevich 
701 1 |a Myagky  |b A. N.  |c physicist  |c Associate Professor of Tomsk Polytechnic University, Candidate of physical and mathematical sciences  |f 1976-  |g Alexander Nikolayevich  |3 (RuTPU)RU\TPU\pers\34078  |9 17634 
701 1 |a Odintsov  |b S. D.  |g Sergey Dmitrievich 
701 1 |a Oikonomou  |b V. K. 
712 0 2 |a Национальный исследовательский Томский политехнический университет  |b Физико-технический институт  |b Кафедра высшей математики и математической физики  |3 (RuTPU)RU\TPU\col\18727  |9 27176 
801 2 |a RU  |b 63413507  |c 20160421  |g RCR 
856 4 |u http://dx.doi.org/10.1103/PhysRevD.92.124026 
942 |c CF